[Event "Amigos do Macuei"]
[Site "http://www.queenalice.com/game.php?id=474756"]
[Date "2008.10.9"]
[Round "3"]
[White "sirofa"]
[Black "Nelson"]
[Result "0-1"]
[WhiteElo "2247"]
[BlackElo "2312"]

1. e4 e5 2. Nf3 Nc6 3. Bb5 a6 4. Ba4 d6 5. O-O b5 6. Bb3 Nf6 7. c3 Be7 8. h3 Bb7
9. Re1 O-O 10. d4 Re8 11. Nbd2 Bf8 12. d5 Nb8 13. Nf1 Nbd7 0-1

[Event "Challenge"]
[Site "http://www.queenalice.com/game.php?id=479114"]
[Date "2008.10.18"]
[Round "-"]
[White "Magico"]
[Black "sirofa"]
[Result "1-0"]
[WhiteElo "1600"]
[BlackElo "2230"]

1. d4 Nf6 2. c3 g6 3. Bg5 Bg7 4. Bxf6 Bxf6 5. Nf3 d6 6. e3 O-O 7. h4 Bg4 8. Qd3
c5 9. Qe4 Qb6 10. b3 Bf5 11. Qd5 Nc6 12. a4 Be6 13. Qe4 1-0

[Event "Desafio Internacional"]
[Site "http://www.queenalice.com/game.php?id=838956"]
[Date "2010.9.28"]
[Round "-"]
[White "sirofa"]
[Black "RJGF"]
[Result "1-0"]
[WhiteElo "2170"]
[BlackElo "1601"]

1. e4 e5 2. Nc3 Nf6 3. Bc4 Nc6 4. d3 Bb4 5. Ne2 O-O 6. O-O d6 7. Bg5 Na5 8. Nd5
Nxc4 9. dxc4 c6 10. Bxf6 gxf6 11. Nxb4 Be6 12. b3 a5 13. Nd3 f5 14. exf5 Bd7 15.
Ng3 Qg5 16. Nxe5 dxe5 17. Qxd7 Rad8 18. Qxb7 Rd2 19. Ne4 Qxg2+ 20. Kxg2 1-0

[Event "Gosto de apanhar !!!"]
[Site "http://www.queenalice.com/game.php?id=851458"]
[Date "2010.10.28"]
[Round "-"]
[White "RJGF"]
[Black "sirofa"]
[Result "0-1"]
[WhiteElo "1625"]
[BlackElo "2171"]

1. d4 d5 2. c4 c6 3. Nc3 Nf6 4. Nf3 e6 5. e3 a6 6. cxd5 exd5 7. Bd3 Bd6 8. O-O
Nbd7 9. Re1 O-O 10. e4 dxe4 11. Nxe4 Nxe4 12. Bxe4 Nf6 13. Qc2 Nxe4 14. Qxe4 Qa5
15. Bd2 Qb5 16. Bc3 Bf5 17. Qe3 f6 18. Qd2 Rfe8 19. Rxe8+ Rxe8 20. Re1 Rxe1+ 21.
Qxe1 Kf7 22. h3 b6 23. g4 Be6 24. b3 Qd3 25. Kg2 Bd5 26. Qe3 Qd1 27. h4 g5 28.
hxg5 fxg5 29. b4 Bf4 30. Qxf4+ gxf4 0-1

[Event "Apanhando sempre !"]
[Site "http://www.queenalice.com/game.php?id=864217"]
[Date "2010.11.27"]
[Round "-"]
[White "RJGF"]
[Black "sirofa"]
[Result "0-1"]
[WhiteElo "1627"]
[BlackElo "2172"]

1. e4 e5 2. Nf3 Nc6 3. Bb5 Nf6 4. Bxc6 dxc6 5. O-O Nxe4 6. Re1 Nf6 7. Nxe5 Be6
8. Nf3 h6 9. Nc3 Bd6 10. d4 O-O 11. Be3 Nd5 12. Nxd5 cxd5 13. Qd2 Qf6 14. h3
Bxh3 15. gxh3 Qxf3 16. Re2 Rae8 17. Qe1 Re6 18. Bf4 Rxe2 19. Bxd6 Rxe1+ 20. Rxe1
cxd6 21. Re3 Qd1+ 22. Kg2 Qxc2 23. Rc3 Qxb2 24. Rc7 Re8 25. Rd7 Re2 26. Rxd6
Rxf2+ 27. Kg3 Rg2+ 28. Kf4 Qxd4+ 29. Kf3 Qe4# 0-1

[Event "Breaking Bad / Mad Men"]
[Site "http://www.queenalice.com/game.php?id=879248"]
[Date "2010.12.31"]
[Round "-"]
[White "sirofa"]
[Black "RJGF"]
[Result "1-0"]
[WhiteElo "2177"]
[BlackElo "1762"]

1. e4 e6 2. d4 f5 3. exf5 Nf6 4. fxe6 Bd6 5. Bc4 dxe6 6. Nf3 Nc6 7. O-O Bd7 8.
Re1 Qe7 9. Nc3 O-O-O 10. a3 e5 11. Nd5 Nxd5 12. Bxd5 h6 13. dxe5 Nxe5 14. Nxe5
Bxe5 15. Bf4 Bc6 16. Qg4+ Bd7 17. Qf3 Rhf8 18. Bxb7+ Kb8 19. Ba6 Bc8 20. Rxe5
Qxe5 21. Qb3+ Ka8 22. Bxe5 Bxa6 23. Bxg7 Rfe8 24. Bxh6 Rd6 25. Be3 Red8 26. f4
Bb7 27. g4 Rd1+ 28. Rxd1 Rxd1+ 29. Kf2 Rf1+ 30. Kxf1 1-0

[Event "Hung / Misfits"]
[Site "http://www.queenalice.com/game.php?id=879249"]
[Date "2010.12.31"]
[Round "-"]
[White "RJGF"]
[Black "sirofa"]
[Result "0-1"]
[WhiteElo "1786"]
[BlackElo "2174"]

1. d4 d5 2. c4 e6 3. Nc3 Nf6 4. Bg5 Be7 5. cxd5 exd5 6. Qb3 O-O 7. Bxf6 Bxf6 8.
Nf3 c5 9. Nxd5 cxd4 10. Nxf6+ Qxf6 11. g3 Nc6 12. Rd1 Be6 13. Qxb7 Bd5 14. Bg2
Rae8 15. Nh4 d3 16. Bxd5 Rxe2+ 17. Kf1 Qxf2# 0-1

[Event "Fringe / Dexter"]
[Site "http://www.queenalice.com/game.php?id=879250"]
[Date "2010.12.31"]
[Round "-"]
[White "RJGF"]
[Black "sirofa"]
[Result "0-1"]
[WhiteElo "1721"]
[BlackElo "2173"]

1. e4 c5 2. Nf3 d6 3. c3 Nf6 4. e5 dxe5 5. Nxe5 Nbd7 6. Nxd7 Bxd7 7. d4 e6 8.
Bg5 Bc6 9. Bxf6 Qxf6 10. Nd2 cxd4 11. cxd4 Qxd4 12. Nb3 Bb4+ 13. Ke2 Qe4# 0-1

[Event "Bored To Death/Shit My Dad Says"]
[Site "http://www.queenalice.com/game.php?id=879251"]
[Date "2010.12.31"]
[Round "-"]
[White "sirofa"]
[Black "RJGF"]
[Result "1-0"]
[WhiteElo "2178"]
[BlackElo "1779"]

1. d4 d6 2. c4 Nf6 3. Nc3 g6 4. e4 Bg7 5. Nf3 O-O 6. h3 a6 7. Be3 Nbd7 8. Be2 e5
9. dxe5 dxe5 10. Qc2 c5 11. O-O Re8 12. Nd5 Nxd5 13. cxd5 Nf6 14. Bxc5 b6 15.
Be3 Bb7 16. Nd2 Rc8 17. Qb3 b5 18. a4 Qd6 19. axb5 axb5 20. Bxb5 Re7 21. Nc4 Qd8
22. f3 Nd7 23. Rfd1 Nc5 24. Qb4 Na6 25. Bxa6 Bxa6 26. Rxa6 Bf8 27. d6 Rd7 28.
Nxe5 Bxd6 29. Raxd6 Rxd6 30. Rxd6 Qh4 31. Nxf7 Kxf7 32. Qb3+ Kf8 33. Qb7 Qe1+
34. Kh2 Re8 35. Bh6+ 1-0

[Event "Boardwalk Empire"]
[Site "http://www.queenalice.com/game.php?id=879252"]
[Date "2010.12.31"]
[Round "-"]
[White "sirofa"]
[Black "RJGF"]
[Result "1-0"]
[WhiteElo "2176"]
[BlackElo "1750"]

1. c4 e5 2. Nc3 Nf6 3. Nf3 Nc6 4. g3 Bc5 5. Bg2 O-O 6. Nxe5 Nxe5 7. d4 Bb4 8.
dxe5 Bxc3+ 9. bxc3 Ng4 10. Qd4 d6 11. exd6 Qxd6 12. Qxd6 cxd6 13. Bf4 Ne5 14. c5
Re8 15. Rd1 Bg4 16. h3 Be6 17. cxd6 Rad8 18. Bxe5 Bxa2 19. Bf4 Bc4 20. e3 1-0

[Event "30 Rock / Community / The Office"]
[Site "http://www.queenalice.com/game.php?id=879254"]
[Date "2010.12.31"]
[Round "-"]
[White "RJGF"]
[Black "sirofa"]
[Result "0-1"]
[WhiteElo "1752"]
[BlackElo "2175"]

1. Nf3 d5 2. d4 Nf6 3. Nc3 g6 4. e3 Bg7 5. Be2 O-O 6. O-O Nc6 7. Bb5 Qd6 8. Bxc6
bxc6 9. Re1 Rb8 10. e4 dxe4 11. Nxe4 Nxe4 12. Rxe4 Bf5 13. Bf4 Qd7 14. Re2 Rxb2
15. Rd2 Rfb8 16. Ne5 Qe6 17. c4 Rb1 18. Rxb1 Rxb1 19. Qxb1 Bxb1 0-1

[Event "Vai nas mensagens"]
[Site "http://www.queenalice.com/game.php?id=944534"]
[Date "2011.5.31"]
[Round "-"]
[White "sirofa"]
[Black "RJGF"]
[Result "1-0"]
[WhiteElo "2179"]
[BlackElo "1805"]

1. e4 e5 2. Nf3 Nc6 3. Bb5 a6 4. Ba4 b5 5. Bb3 Nf6 6. d4 d6 7. dxe5 dxe5 8.
Qxd8+ Kxd8 9. Ng5 Be6 10. Bxe6 fxe6 11. Nf7+ Ke7 12. Nxh8 Nxe4 13. Nc3 Nf6 14.
Bg5 Nd4 15. O-O-O b4 16. Ne4 Rd8 17. Rhe1 a5 18. Rd3 Ke8 19. Bxf6 gxf6 20. Nxf6+
Ke7 21. Ng8+ Ke8 22. Rh3 c5 23. Rxh7 c4 24. Nf6# 1-0

[Event "Sera que vai?"]
[Site "http://www.queenalice.com/game.php?id=957677"]
[Date "2011.7.7"]
[Round "-"]
[White "RJGF"]
[Black "sirofa"]
[Result "0-1"]
[WhiteElo "1787"]
[BlackElo "2183"]

1. e4 c5 2. Nf3 d6 3. d4 cxd4 4. Nxd4 Nf6 5. Nc3 e5 6. Nf3 Be7 7. Bb5+ Nc6 8.
O-O O-O 9. Re1 a6 10. Be2 h6 11. Nd5 Nxe4 12. Nxe7+ Qxe7 13. Bd3 Nc5 14. Bc4 Be6
15. Bxe6 fxe6 16. Be3 d5 17. c3 e4 18. Nd4 Nd3 19. Re2 Nxd4 20. cxd4 Rac8 21.
Rc2 Qf7 22. f3 Rxc2 23. Qxc2 Qg6 24. fxe4 Qxe4 25. Qe2 Rf2 26. Qxf2 Nxf2 27.
Bxf2 Qe2 28. Re1 Qxb2 29. Rxe6 Kf7 30. Re5 b5 31. g3 b4 32. Rxd5 Qb1+ 0-1

[Event "Agora Vai !"]
[Site "http://www.queenalice.com/game.php?id=957678"]
[Date "2011.7.7"]
[Round "-"]
[White "sirofa"]
[Black "RJGF"]
[Result "1-0"]
[WhiteElo "2181"]
[BlackElo "1819"]

1. e4 e5 2. Nf3 Nc6 3. d4 exd4 4. Nxd4 Qf6 5. Nf3 d6 6. Nc3 Be6 7. Bb5 h6 8. Nd5
Qd8 9. Nd4 Bd7 10. O-O Nf6 11. Nxf6+ Qxf6 12. c3 O-O-O 13. Nxc6 Bxc6 14. Bxc6
bxc6 15. Qa4 Kb7 16. Be3 a6 17. Rfd1 d5 18. Qb3+ Ka8 19. exd5 Rb8 20. Qc4 cxd5
21. Qxc7 Rb7 22. Qc8+ Rb8 23. Qd7 Rb7 24. Qe8+ Rb8 25. Qa4 Rxb2 26. Rab1 Rxb1
27. Rxb1 Be7 28. Qd7 1-0

[Event "Desafio das Estrelas MMA UFC"]
[Site "http://www.queenalice.com/game.php?id=973318"]
[Date "2011.8.16"]
[Round "-"]
[White "sirofa"]
[Black "Marcelovski"]
[Result "1-0"]
[WhiteElo "2180"]
[BlackElo "1500"]

1. e4 e6 2. d4 d5 3. Nc3 Nf6 4. e5 Nfd7 5. Nf3 c5 6. Bg5 Be7 7. Bxe7 Qxe7 8. Nb5
Qd8 9. Nd6+ Kf8 10. Bb5 f6 11. dxc5 Nc6 12. Bxc6 bxc6 13. Qd4 Ba6 14. b4 Bc4 15.
Nxc4 Kf7 16. Nd6+ Kf8 17. exf6 Qxf6 18. Qxf6+ gxf6 19. Nd4 e5 20. Nxc6 1-0

[Event "Partida"]
[Site "http://www.queenalice.com/game.php?id=973473"]
[Date "2011.8.17"]
[Round "-"]
[White "Marcelovski"]
[Black "sirofa"]
[Result "0-1"]
[WhiteElo "1500"]
[BlackElo "2182"]

1. d4 d5 2. c4 e6 3. Nc3 Nf6 4. Bg5 Bb4 5. Qc2 dxc4 6. e3 b5 7. a4 c6 8. axb5
cxb5 9. Nf3 Bb7 10. Be2 a6 11. O-O O-O 12. Rfc1 Be7 13. b3 b4 14. Bxf6 gxf6 15.
Na4 c3 16. Nc5 Bxc5 17. dxc5 Qc7 18. Rd1 f5 19. Ng5 Qxc5 20. Nf3 Be4 21. Bd3
Bxf3 22. gxf3 a5 23. e4 Nc6 24. exf5 Nd4 0-1

[Event "Here We Go"]
[Site "http://www.queenalice.com/game.php?id=978555"]
[Date "2011.8.29"]
[Round "-"]
[White "sirofa"]
[Black "RJGF"]
[Result "1-0"]
[WhiteElo "2186"]
[BlackElo "1794"]

1. e4 e6 2. d4 d5 3. Nc3 Nc6 4. Nf3 dxe4 5. Nxe4 Nf6 6. Bd3 a6 7. Nxf6+ Qxf6 8.
Bg5 Qxg5 9. Nxg5 Nxd4 10. Nxh7 Bd6 11. Qg4 Rxh7 12. Bxh7 g6 13. Qxd4 Bd7 14.
Qh8+ 1-0

[Event "Here We Go Again"]
[Site "http://www.queenalice.com/game.php?id=978556"]
[Date "2011.8.29"]
[Round "-"]
[White "RJGF"]
[Black "sirofa"]
[Result "0-1"]
[WhiteElo "1885"]
[BlackElo "2187"]

1. d4 Nf6 2. c4 g6 3. Nc3 Bg7 4. Nf3 d6 5. e4 O-O 6. Be3 c5 7. d5 Ng4 8. Qd2
Nxe3 9. Qxe3 Nd7 10. Be2 e6 11. Rc1 exd5 12. cxd5 a6 13. O-O b5 14. a3 Re8 15.
Nd2 Rb8 16. b4 Bd4 17. Qg3 c4 18. Qxd6 Be5 19. Qxb8 Nxb8 20. Nf3 Bxc3 21. Rxc3
Rxe4 22. Re1 Bg4 23. h3 Bxf3 24. gxf3 Qg5+ 25. Kh1 Qd2 26. Rcc1 Rxe2 27. Rxe2
Qxe2 28. d6 Qxf2 29. Rg1 Qxf3+ 30. Kh2 c3 31. Rg3 Qf4 32. Kg2 c2 33. Rf3 Qg5+
34. Kf2 c1=Q 35. Rd3 Qcg1+ 36. Ke2 Q5g2# 0-1

[Event "RJGF"]
[Site "http://www.queenalice.com/game.php?id=1253026"]
[Date "2014.2.1"]
[Round "1"]
[White "RSRocha"]
[Black "sirofa"]
[Result "0-1"]
[WhiteElo "1250"]
[BlackElo "2190"]

1. e4 c5 2. Nf3 d6 3. d4 cxd4 4. Nxd4 Nf6 5. Nc3 a6 6. Bg5 e6 7. Qf3 Bd7 8.
O-O-O Nc6 9. h4 Rc8 10. Bc4 Ne5 11. Bxf6 gxf6 12. Qe2 Nxc4 0-1